Danny Boyle Filmography - Statistics

General Stats
  • This quiz has been taken 38 times
    20 since last reset
  • The average score is 28 of 74
Answer Stats
Type Year Name % Correct
Film Director 2002 28 Days Later
100%
Film Cameo 2002 28 Days Later
100%
Film Director 2025 28 Years Later
100%
Film Screenplay 2025 28 Years Later
100%
Film Production 2025 28 Years Later
100%
Film Director 2008 Slumdog Millionaire
94%
Film Director 1996 Trainspotting
94%
Film Director 1994 Shallow Grave
88%
Film Director 2007 Sunshine
88%
Film Director 2010 127 Hours
82%
Film Screenplay 2010 127 Hours
82%
Film Production 2010 127 Hours
82%
Film Director 2000 The Beach
82%
Film Director 2017 T2 Trainspotting
76%
Film Production 2017 T2 Trainspotting
76%
Film Director 2019 Yesterday
76%
Film Production 2019 Yesterday
76%
Film Production 2007 28 Weeks Later
71%
Film Director 1997 A Life Less Ordinary
53%
Film Director 2004 Millions
53%
Film Director 2015 Steve Jobs
53%
Film Production 2015 Steve Jobs
53%
Film Director 2013 Trance
53%
Film Production 2026 28 Years Later: The Bone Temple
47%
TV Special Director 2012 London 2012 Olympic Opening Ceremony: Isles of Wonder
35%
TV Mini-Series Director 2022 Pistol
29%
TV Mini-Series Production 2022 Pistol
29%
Stage Director 2011 Frankenstein
24%
TV Special Director 2023 Free Your Mind: The Matrix Now
24%
Short Film Director TBA Methuselah
24%
Film Director 2011 National Theatre Live: Frankenstein
24%
TV Film Director 2001 Strumpet
24%
TV Show Director 2018 Trust
24%
TV Show Production 2018 Trust
24%
Short Film Director 2008 Alien Love Triangle
18%
TV Mini-Series Director 2014 Babylon
18%
TV Mini-Series Production 2014 Babylon
18%
Film Production 2017 Battle of the Sexes
18%
Film Production 2021 Creation Stories
18%
TV Short Production 1989 Elephant
18%
TV Show Director 1991 For the Greater Good
18%
Stage Director 1989 H.I.D.
18%
TV Show Director 1990, 1992 Inspector Morse
18%
Music Video Director 1996 Lust for Life
18%
TV Film Director 1989 Monkeys
18%
TV Film Production 1989 Monkeys
18%
TV Mini-Series Director 1993 Mr. Wroe's Virgins
18%
Stage Director 1984-1985 Saved
18%
TV Film Director 1987 Scout
18%
TV Film Production 1987 Scout
18%
TV Show Director 1989, 1991, 1993 Screenplay
18%
TV Documentary Production 2017 The Alternativity
18%
TV Documentary Appearance 2017 The Alternativity
18%
Stage Director 1988-1989 The Bite of the Night
18%
Stage Director 1982 The Genius
18%
Stage Director 1985-1986 The Grace of Mary Traverse
18%
Stage Director 1990-1991 The Last Days of Don Juan
18%
TV Film Director 1989 The Nightwatch
18%
TV Film Production 1989 The Nightwatch
18%
Stage Director 1991-1992 The Pretenders
18%
TV Film Production 1987 The Rockingham Shoot
18%
Stage Director 1989-1990 The Second Line
18%
Stage Director 1989 The Silent Woman
18%
TV Film Director 1987 The Venus de Milo Instead
18%
Film Production 1997 Twin Town
18%
TV Film Director 2001 Vacuuming Completely Nude in Paradise
18%
Documentary Series Appearance 2016 60 Minutes
12%
Documentary Series Appearance 2015 Arena
12%
Short Film Production 2014 Half Awake
12%
TV Film Production 1987 Lorna
12%
TV Show Appearance 2010, 2019 Top Gear
12%
Documentary Series Appearance 2003 The South Bank Show
6%
Film Production TBA Maximum City
0%
Stage Director 1984 The Pope's Wedding
0%
No matching quizzes found
Score Distribution
Percent of People with Each Score
Percentile by Number Answered
Your Score History
You have not taken this quiz since the last reset